4KRVNE GRUPE ZA 4 NACINA PREHRANE (Record no. 59572)
[ view plain ]
| 000 -LEADER | |
|---|---|
| fixed length control field | 00308nam a22001337a 4500 |
| 008 - FIXED-LENGTH DATA ELEMENTS--GENERAL INFORMATION | |
| fixed length control field | 230418b ||||| |||| 00| 0 eng d |
| 041 ## - LANGUAGE CODE | |
| Language code of text/sound track or separate title | SERBISHT |
| 080 ## - UNIVERSAL DECIMAL CLASSIFICATION NUMBER | |
| Edition identifier | 2000 |
| Universal Decimal Classification number | 61 |
| 082 ## - DEWEY DECIMAL CLASSIFICATION NUMBER | |
| Classification number | 61ADA |
| 100 ## - Rafti | |
| Rafti | 5 |
| 101 ## - Shkurtesa | |
| Shkurtesa | MJEKSI |
| 245 ## - TITLE STATEMENT | |
| Title | 4KRVNE GRUPE ZA 4 NACINA PREHRANE |
| Statement of responsibility, etc | ADAMO.D.J.P |
| 942 ## - ADDED ENTRY ELEMENTS (KOHA) | |
| Source of classification or shelving scheme | |
| Item type | Books |
No items available.